000 00705nam a2200205Ia 4500
003 GCL
008 140319s9999 xx 000 0 ara d
040 _aGCL /
_cGCL
082 0 4 _a808.068
_bم ا
100 1 _aالاتحاد العام للادباء العرب
245 1 0 _aادب الطفل العربى /
_cالاتحاد العام للادباء العرب
260 _aالاردن :
_bمنشورات الاتحاد العام للادباء والكتاب العرب ،
_c1992
300 _a254 ص ؛
_c25 سم
490 _a
650 0 4 _aالادب العربى
650 0 4 _aادب الاطفال
650 0 4 _aالاطفال العرب
650 0 4 _aالخيال
942 _2ddc
_cBK
999 _c48200
_d48200